LEADER 00798nem2 2200313 450 001 990009578470403321 005 20120523115046.0 035 $a000957847 035 $aFED01000957847 035 $a(Aleph)000957847FED01 035 $a000957847 100 $a20120523d1917----km-y0itay50------ba 101 0 $aita 102 $aIT 120 $ab------------ 121 $aaa-aa---- 123 1 $aa$b1:560000 200 1 $aFrejus e Moncenisio$bDocumento cartografico 206 $a1:560000 210 $aTorino$cParavia$d1917 215 $a1 carta$ccolor.$d8 x 10 cm 461 0$1001000326587$12001$v3 610 0 $aAlpi$aCarte 801 0$aIT$bUNINA$gRICA$2UNIMARC 901 $aMP 912 $a990009578470403321 959 $aILFGE 996 $aFrejus e Moncenisio$9846729 997 $aUNINA